00633nam a22001937a 4500003000200000005001700002008004100019020001800060050002100078245012000099250001300219260004400232300004200276504002000318650001300338650002200351650003900373650002700412020250103150552.0250103b xxu||||| |||| 00| 0 eng d a9780443107184 aRT 41b.C55 2025 aClinical nursing skills & techniques /cAnne Griffin Perry, Patricia A. Potter, Wendy R. Ostendorf, Nancy Laplante. a11th ed. aSt. Louis, Missouri :bElsevier,c2025. axviii, 1325 p. :bcol. ill. ;c28 cm. aIncludes index. aNursing. aNursing practice. aNursing.vHandbooks, manuals, etc. aNursingvCare methods.